El debate sobre la supervisión financiera integrada (Registro nro. 15209)
[ vista simple ]
| 000 -LEADER | |
|---|---|
| fixed length control field | 00360 a2200121 4500 |
| 001 - CONTROL NUMBER | |
| control field | ART_36220 |
| 005 - DATE AND TIME OF LATEST TRANSACTION | |
| control field | 20260410161701.0 |
| 008 - FIXED-LENGTH DATA ELEMENTS--GENERAL INFORMATION | |
| fixed length control field | 260409a |
| 100 1# - MAIN ENTRY--PERSONAL NAME | |
| Personal name | Ferro, Gustavo |
| 245 10 - TITLE STATEMENT | |
| Title | El debate sobre la supervisión financiera integrada |
| 700 1# - ADDED ENTRY--PERSONAL NAME | |
| Personal name | Demaestri, Edgardo |
| 773 0# - HOST ITEM ENTRY | |
| Title | Ensayos Económicos |
| Related parts | - Nº 72 (jun. 2015) |
| Record control number | REV620 |
No hay ítems disponibles.